| 000 | 01327nam a2200361 a 4500 | ||
|---|---|---|---|
| 001 | 000110959 | ||
| 003 | CHAP | ||
| 005 | 20220329144152.0 | ||
| 008 | 141030s2014 mx a |sm |||||||spa d | ||
| 010 | _a107421 | ||
| 011 | _a108393 | ||
| 040 | _cCHAP | ||
| 090 | _aTesis | ||
| 100 | 1 |
_aAmbrosio Martínez, Elia _9128723 |
|
| 245 | 1 | 0 |
_aEstrategias de productibidad en el aserrío en el estado de Puebla: estudio caso _h[En línea] _cpor Elia Ambrosio Martínez y Rosalba Pacheco Fuentes. |
| 260 |
_aChapingo, Méx. : _bEl autor, _c2014. |
||
| 500 | _aPara ver el contenido del material haga clic en la liga | ||
| 502 | _aTesis (Ing. Forestal Industrial) -- UACH. División de Ciencias Forestal | ||
| 590 |
_aBATCH _b00 _c20181121 _lUCH01 _h0758 |
||
| 590 |
_aE11695DGD _b10 _c20141108 _lUCH01 _h1051 |
||
| 590 |
_aE5652GLJ _b05 _c20141030 _lUCH01 _h1158 |
||
| 590 |
_aE5652GLJ _b05 _c20141030 _lUCH01 _h1158 |
||
| 590 |
_aE5652GLJ _b05 _c20141030 _lUCH01 _h1159 |
||
| 650 | 1 | 4 |
_aAserraderos _xAdministración. _9128736 |
| 650 | 1 | 4 |
_aMadera aserrada _xMercadeo. _969639 |
| 650 | 1 | 4 |
_aMadera aserrada _xProducción. _969641 |
| 700 | 1 |
_aPacheco Fuentes, Rosalba _9128724 |
|
| 856 |
_a1 _n0000336 |
||
| 856 |
_aFinding aid _uhttp://10.13.5.2/tesis/sist110959.pdf _zTeclea aquí |
||
| 901 | _aBK | ||
| 942 | _cTESIS | ||
| 942 | _n0 | ||
| 999 |
_c107421 _d107421 |
||